000 00926nam a2200229Ii 4500
003 JO-AjNU
008 230605s9999||||xx |||||||||||||| ||und||
017 _a1988/7654
040 _aJO-AjNU
_bara
_erda
_cJO-AjNU
041 _aara
050 1 4 _aHM62.A7.M8366 1989
100 3 _a عبد الكريم، محمد الغريب,
_eauthor
_940253
245 0 0 _aالسسيولوجيا الوظيفية : دراسة نقدية تحليلية في نظرية علم الاجتماع الغربي
250 _aط1
264 3 1 _aالاسكندرية: المكتب الجامعي الحديث، 1989
300 _a240ص
_bيحتوي على ببلوغرافية من 229-240ص
336 _atext
_btxt
_2rdacontent
337 _aunmediated
_bn
_2rdamedia
338 _avolume
_bnc
_2rdacarrier
490 0 _aسلسلة دراسات اجتماعية وسكانية؛ 6
650 4 _a علم الاجتماع - فلسفة 
_940254
999 _aA17066
_c20634
_d20634